| 000 | 01068nam a22002537a 4500 | ||
|---|---|---|---|
| 003 | OSt | ||
| 005 | 20151026133603.0 | ||
| 008 | 130718b xxu||||| |||| 00| 0 eng d | ||
| 040 | _cCDMR | ||
| 100 | 1 |
_93976 _aPiazzo, Virginia |
|
| 245 | 1 | 0 |
_aCrisis en la web 2.0 _b: gestión de la comunicación para preservar la imagen y la reputación organizacional online _cVirginia Piazzo ; Joaquim Puig González (director) _h[recurs electrònic] |
| 260 |
_aBellaterra _c2012 |
||
| 502 |
_aTesi defensada el 25 de juliol de 2012, _cUniversitat Autònoma de Barcelona. Departament de Comunicació Audiovisual i de Publicitat |
||
| 650 | 0 | 4 |
_93137 _aWeb 2.0 |
| 650 | 0 | 4 |
_92798 _aComunicació en l'empresa |
| 650 | 0 | 4 |
_93978 _aReputació en línia |
| 650 | 0 | 4 |
_93396 _aMàrqueting |
| 650 | 0 | 4 |
_93128 _aXarxes socials en línia |
| 650 | 0 | 4 |
_92994 _aTesis i dissertacions acadèmiques |
| 700 | 1 |
_93977 _aPuig González, Joaquim |
|
| 710 | 2 |
_93477 _aUniversitat Autònoma de Barcelona |
|
| 856 | 4 | 0 |
_yDisponible en línia (TDX) _uhttp://hdl.handle.net/10803/96276 |
| 942 |
_2udc _cTSN-E |
||
| 999 |
_c6607 _d6607 |
||